000 00367nam a2200157Ia 4500
008 230718s9999 xx 000 0 und d
041 _aeng
082 _a621.381
_bTUM
100 _aTumer R. P.
_9164901
245 _aTransistor Circuits
260 _c1964
_bD B Taraporevala
300 _a160
365 _cRs.
700 _aTumer R. P.
_9164901
906 _cETC
999 _c296502
_d296502